Lataa...
| LEADER | 00721nam a22001817a 4500 | ||
|---|---|---|---|
| 008 | 140110b xxu||||| |||| 00| 0 eng d | ||
| 020 | |a 9789381318003 | ||
| 082 | |a 894.15 SAM | ||
| 100 | |a സാംബശിവന്, വി | ||
| 240 | |a Ente kathayude peru | ||
| 245 | |a എന്റെ കഥയുടെ പേര് |c സുള്ഫുക്കര് | ||
| 260 | |a തൃശ്ശൂര് |b എച്ച് &സി |c 894.15 SAM | ||
| 300 | |a 79p. | ||
| 650 | |a Speeches | ||
| 700 | |a Sambasivan, V | ||
| 942 | |2 ddc |c BK | ||
| 999 | |c 5094 |d 5094 | ||
| 952 | |0 0 |1 0 |2 ddc |4 0 |6 894_150000000000000_SAM |7 0 |9 7208 |a MAIN |b MAIN |d 2014-01-10 |e Current Books, Calicut (D. C. Books) |g 65.00 |o 894.15 SAM |p 7433 |r 2014-01-10 |t 1 |w 2014-01-10 |y BK | ||